000 00391nam a2200133Ia 4500
008 151213s9999 xx 000 0 und d
100 _aJ. R. R. Tolkeen
245 _aThe Two Towers : Being the Second Part of the Lord of the Rings
_cJ. R. R. Tolkeen
260 _aNew Yeork
_bHoughton Mittlin
_c1994
300 _a1997 p.
650 _aEnglish
700 _aJ. R. R. Tolkeen
999 _c1463
_d1463